000 00651nam a22002177a 4500
003 LK-CoMWRAF
005 20231027123033.0
008 230923b1980 |||||||| |||| 00| 0 eng d
020 _a0706910214
040 _aLK-CoMWRAF
_dLK-CoMWRAF
_eLK-CoMWRAF
041 _aeng
082 _a305.4
_bJAI
100 _aJain, Devaki
245 _aWomen's quest for power:
_bfive Indian case studies
260 _aSahibabad:
_bVikas,
_c1980
300 _avi, 272 p., [1] leaf of plates : ill. ; 23 cm.
_bBibliography included
650 _aWomen--India--Social conditions--Case studies.
700 _aSingh, Nalini.
700 _aChand, Malini.
942 _cBK
999 _c3632
_d3632